000 01247nji a22003017a 4500
005 20100921153925.0
006 a|||||r|||||00| 0
007 sd ammalaaahaa
008 100830t xxu||||| |||| 00| 0 eng d
028 _a3AEX.5134
_bODEON
035 _aGR-05138
040 _aSED
_cSED
100 _917455
_aMohammad Rafi
245 _aBhajans from films /
_csung by Mohammad Rafi...[et.al]; music by Shankar Jaikishan; lyrics by Shailendra
_h[sound recording] :
246 _aभजन्स फ्रॉम फिल्म्स /
260 _aDum Dum, India
_bODEON
_c1967
300 _a1 sound disc [Gramophone Recording]:
_banalog, 33 1/3 rpm
_c12.5 in. (LP)
_fGramophone Record
500 _aBrief Record
500 _aRecord labels : ODEON, Black
505 _aSide-1 (Jai raghu nandan) (Gharana) (Mohammad Rafi, Asha Bhosle [and] Chorus) Side-2 (Man tarpat hari darshan ko aaj) (Baiju Bawra) (Mohammad Rafi)
600 _aMohammad Rafi
_920359
650 _aMotion Picture Music
_xExcerpts
_zIndia
_920876
650 _aDevotional Songs
_921028
700 _aShankar Jaikishan
_920871
700 _aShailendra
_921021
942 _2ddc
_cGR
999 _c47351
_d47351